000 00513nam a2200181Ia 4500
005 20250326143304.0
008 250326s9999 xx 000 0 und d
037 _aTextbook
040 _aFMSL
_beng
_cFMSL
041 _aeng
_2eng
084 _aX:89A P4
_qFMSL
100 _aBuffa E S
245 0 _aModern Production operations management
_cBuffa E S; Sarin R K
260 _aNew York
_bNew York, John Wiley & John
_c2004
300 _a834p
942 _cTB
_hX:89A P4
999 _c1298929
_d1298929